New Age movement / (Record no. 7396)
[ view plain ]
| 000 -LEADER | |
|---|---|
| fixed length control field | 00594cam a2200217 i 4500 |
| 001 - CONTROL NUMBER | |
| control field | 21565262 |
| 005 - DATE AND TIME OF LATEST TRANSACTION | |
| control field | 20250828154542.0 |
| 006 - FIXED-LENGTH DATA ELEMENTS--ADDITIONAL MATERIAL CHARACTERISTICS | |
| fixed length control field | m |o d | |
| 007 - PHYSICAL DESCRIPTION FIXED FIELD--GENERAL INFORMATION | |
| fixed length control field | cr|||||||||||| |
| 008 - FIXED-LENGTH DATA ELEMENTS--GENERAL INFORMATION | |
| fixed length control field | 940523t20161995miu ob 000 0 eng |
| 020 ## - INTERNATIONAL STANDARD BOOK NUMBER | |
| International Standard Book Number | 9780310535010 |
| Qualifying information | epub |
| 020 ## - INTERNATIONAL STANDARD BOOK NUMBER | |
| Canceled/invalid ISBN | 0310704316 |
| Qualifying information | softcover |
| 050 00 - LIBRARY OF CONGRESS CALL NUMBER | |
| Classification number | BP605.N48 |
| 082 00 - DEWEY DECIMAL CLASSIFICATION NUMBER | |
| Classification number | 299/.93 |
| Edition information | 20 |
| 100 1# - MAIN ENTRY--PERSONAL NAME | |
| Personal name | Rhodes, Ron, |
| Relator term | author. |
| 245 10 - TITLE STATEMENT | |
| Title | New Age movement / |
| Statement of responsibility, etc. | Ron Rhodes, author. |
| 300 ## - PHYSICAL DESCRIPTION | |
| Extent | 1 online resource |
| 440 #0 - SERIES STATEMENT/ADDED ENTRY--TITLE | |
| Title | Zondervan guide to cults & religious movements |
| 650 #0 - SUBJECT ADDED ENTRY--TOPICAL TERM | |
| Topical term or geographic name entry element | New Age movement. |
| 942 ## - ADDED ENTRY ELEMENTS (KOHA) | |
| Source of classification or shelving scheme | Library of Congress Classification |
| Koha item type | Books |
| Suppress in OPAC | No |
| 999 ## - | |
| -- | 7396 |
| -- | 7396 |
| Withdrawn status | Lost status | Source of classification or shelving scheme | Damaged status | Not for loan | Collection | Home library | Current library | Shelving location | Date acquired | Total checkouts | Full call number | Barcode | Date last seen | Copy number | Price effective from | Koha item type |
|---|---|---|---|---|---|---|---|---|---|---|---|---|---|---|---|---|
| Library of Congress Classification | Non-fiction | Undergraduate Library (Christ Temple) | Undergraduate Library (Christ Temple) | General stacks | 08/28/2025 | BP 605 RHO | ulct00004524 | 08/28/2025 | 1 | 08/28/2025 | Books |